Paroles "Paradis Perdus" - Christine and the Queens - Statistiques

Statistiques générales
  • Ce quiz a été pris 18 fois
  • Le résultat moyen est 132 sur 182
Statistiques - réponses
Hint Réponse % Correct
.. Le
100%
.. le
100%
. a
92%
.......... crépuscule
92%
.... dans
92%
.... Dans
92%
.. de
92%
........ déambule
92%
... est
92%
......... grandiose
92%
. I
92%
.. Je
92%
.. je
92%
... les
92%
... Les
92%
.. ma
92%
...... morose
92%
.... rose
92%
.. so
92%
.... soie
92%
..... veste
92%
.. be
85%
..... caves
85%
.. ce
85%
........ chantais
85%
...... Londres
85%
...... maudit
85%
.. me
85%
... peu
85%
..... quand
85%
... qui
85%
.. se
85%
.. un
85%
.. Un
85%
..... could
77%
.. Et
77%
.. He
77%
.... rock
77%
........... sophistiqué
77%
........-.. souviens-tu
77%
.. Te
77%
... the
77%
... The
77%
.. to
77%
....... vieilli
77%
... you
77%
..... comme
69%
.... hear
69%
......... Heartless
69%
........ | ......... heartless ?
69%
......... heartless
69%
.. In
69%
.. Là,
69%
..
69%
......... musiciens
69%
..... night
69%
.... noyé
69%
.. Oh,
69%
.. oh
69%
.. oh,
69%
.... sont
69%
.. tu
69%
....... anglais
62%
..... fumée
62%
... How
62%
... how
62%
.'...... J'essaie
62%
.... luxe
62%
..... nuits
62%
........ rappeler
62%
....... restais
62%
..... ridés
62%
..... story
62%
...... Toutes
62%
....... accords
54%
....... clavier
54%
..... Dandy,
54%
.. Eh,
54%
.'... c'est
46%
... his
46%
.... lost
46%
.... talk
46%
..... woman
46%
...... Bandit,
38%
.... fois
38%
.... joli
38%
.... soul
38%
.'........ t'étonnait
38%
.... them
38%
..... along
31%
...... encore
31%
.... ever
31%
... far
31%
.... told
31%
... une
31%
.... road
23%
......... Somewhere
23%
.... this
23%
...... colder
15%
.'........ s'effronde
8%
Aucun quiz correspondant
Distribution des résultats
% des personnes avec chaque résultat
Percentile par nombre de réponses
Votre historique - résultats
Vous n’avez pas pris ce quiz